Vplyv reformy PSR na riadenie verejných financií vo vzťahu k vytváraniu stimulov novej stratégie ekonomického rastu v EÚ

Nevyhnutnosť konsolidácie verejných financií, vyplývajúca z jednotnej menovej politiky a nevyhnutnosť zabrániť negatívne externality expanzívnej fiškálnej politiky. Riešenie problému oživenia tempa ekonomického rastu a vytvárania podmienok, ktoré by viedli k realizácii cieľov Lisabonskej stratégie....

Descrizione completa

Salvato in:
Dettagli Bibliografici
Autore principale: Sokira, Jozef
Natura: Capitolo di libro
Lingua:slovacco
Soggetti:
Tags: Aggiungi Tag
Nessun Tag, puoi essere il primo ad aggiungerne!!

MARC

LEADER 00000naa$a2200000$$$4500
001 0082319
005 20240502071926.4
041 0 |a slo 
044 |a SK 
245 1 0 |a Vplyv reformy PSR na riadenie verejných financií vo vzťahu k vytváraniu stimulov novej stratégie ekonomického rastu v EÚ  |c Jozef Sokira 
520 |a Nevyhnutnosť konsolidácie verejných financií, vyplývajúca z jednotnej menovej politiky a nevyhnutnosť zabrániť negatívne externality expanzívnej fiškálnej politiky. Riešenie problému oživenia tempa ekonomického rastu a vytvárania podmienok, ktoré by viedli k realizácii cieľov Lisabonskej stratégie. Reforma Paktu stability a rastu. Vzájomný vzťah fiškálnej politiky a rastu v doterajšom vývoji ekonomiky Slovenska. Vstup SR do eurozóny a využívanie nového fiškálneho rámca. 
610 2 0 |a politika fiškálna 
610 2 0 |a financie verejné 
610 2 0 |a rozpočty verejné 
610 2 0 |a rast hospodársky 
610 2 0 |a integrácia 
610 2 0 |a stabilita hospodárstva 
610 2 0 |a reformy 
610 2 0 |a Európska únia 
610 2 0 |a Slovensko 
100 1 |a Sokira, Jozef